000 00672nam a2200217 a 4500
001 000021757
005 20200930011434.0
008 100910s1995 mx r 000 f spa d
020 _a9682981360
040 _aDO-SdBNP
_bspa
_cBNPHU
082 _aM863.44
_bS684r
100 1 _aSolana Olivares, Fernando,
_d1954-
_945210
245 1 0 _aLa rueca y el paraíso /
_cFernando Solana Olivares.
260 _aMéxico :
_bConsejo Nacional para la Cultura y las Artes,
_c1995.
300 _a240, [4] p. ;
_c22 cm.
490 1 _aHora actual
650 4 _aNovela mexicana
_93959
650 4 _aLiteratura mexicana
_ySIGLO XX
_99216
830 0 _aHora actual.
_922685
049 _aBNGR
999 _c21256
_d21256